000 00959nam a22003017a 4500
001 0038639
003 KOHA_MİRAKIL
005 20260207003106.0
007 ta
008 120927b1991 us |||gr||||#||||1|eng |
020 _a0060167157
_q
040 _aTR-BiSEU
_btur
_cTR-BiSEU
_erda
041 0 _aeng
044 _cus
050 _aPS2631
_b.S55 1991
100 1 _aSilverman, Kenneth.
245 1 _aEdgar A. Poe :
_b mournful and never-ending remembrance/
_cKenneth Silverman ; Kenneth Silverman.
250 _a1st ed.
264 1 _aNew York, NY :
_bHarperCollins Publishers
_c1991
300 _aIX, 564 pages; 24 cm.
336 _ametin
_btxt
_2rdacontent
337 _aaracısız
_bn
_2rdamedia
338 _acilt
_bnc
_2rdacarrier
500 _aIncludes bibliographical references and index.
650 0 _aPoe, Edgar Allan, 1809-1849--Biography.
_972112
650 0 _aAuthors, American--19th century--Biography.
_972113
942 _2lcc
_cBK
999 _c38470
_d38470